[Event "Aberto Brasil - II Niterói Chess Open "]
[Site "Salão de Convenções do Hot"]
[Date "2022.09.02"]
[Round "2.45"]
[White "Silva, Joao Paulo Gomes"]
[Black "De Carvalho, Vitor Augusto Ponci"]
[Result "0-1"]
[WhiteElo "1587"]
[BlackElo "2058"]
[PlyCount "42"]
[EventDate "2022.09.01"]
[EventRounds "9"]
[EventCountry "BRA"]

1. Nf3 Nf6 2. c4 g6 3. g3 Bg7 4. Bg2 O-O 5. O-O d5 6. cxd5 Nxd5 7. Nc3 Nxc3 8.
bxc3 c5 9. Rb1 Nc6 10. Bb2 e5 11. Ba3 Qa5 12. Qb3 Rb8 13. Ng5 Bd7 14. Bd5 Nd8
15. Ne4 Ne6 16. Nd6 b5 17. Nb7 Qb6 18. c4 Rxb7 19. Bxb7 Qxb7 20. cxb5 Nd4 21.
Qc4 Qe4 0-1

[Event "Aberto Brasil - II Niterói Chess Open "]
[Site "Salão de Convenções do Hot"]
[Date "2022.09.02"]
[Round "2.46"]
[White "Almeida Junior, Alvaro Alves De"]
[Black "De Souza, Jose Alberto Martim"]
[Result "1-0"]
[WhiteElo "2044"]
[BlackElo "1548"]
[PlyCount "61"]
[EventDate "2022.09.01"]
[EventRounds "9"]
[EventCountry "BRA"]

1. e4 e6 2. d4 d5 3. Nd2 c5 4. exd5 exd5 5. Ngf3 Nf6 6. Bb5+ Bd7 7. Bxd7+ Nbxd7
8. O-O Be7 9. dxc5 Nxc5 10. Nb3 O-O 11. c3 Qc7 12. Bg5 Rad8 13. Nbd4 Nce4 14.
Bh4 Rfe8 15. Qb3 Ng4 16. Bxe7 Rxe7 17. Rad1 Ng5 18. h3 Nxf3+ 19. Nxf3 Nf6 20.
Rfe1 Rxe1+ 21. Rxe1 h6 22. Nd4 Ne4 23. Rd1 b6 24. Nf3 Qc5 25. Rd4 Kf8 26. Ne5
Ke7 27. Qa4 Qc7 28. Nc6+ Ke6 29. Nxd8+ Qxd8 30. c4 Qf6 31. cxd5+ 1-0

[Event "Aberto Brasil - II Niterói Chess Open "]
[Site "Salão de Convenções do Hot"]
[Date "2022.09.02"]
[Round "2.47"]
[White "Stumpf, Luis Felipe T. Cale"]
[Black "Boff, Lucas Strauss"]
[Result "0-1"]
[WhiteElo "1536"]
[BlackElo "2043"]
[PlyCount "84"]
[EventDate "2022.09.01"]
[EventRounds "9"]
[EventCountry "BRA"]

1. e4 d6 2. d4 Nf6 3. Nc3 g6 4. Nf3 Bg7 5. Bc4 O-O 6. O-O Nxe4 7. Nxe4 d5 8.
Bd3 dxe4 9. Bxe4 Nd7 10. c3 c5 11. Re1 Qc7 12. Be3 Nf6 13. Bc2 cxd4 14. Bxd4
Be6 15. Bb3 Bxb3 16. Qxb3 e6 17. Rad1 Rfd8 18. h3 b6 19. Ng5 Rd5 20. Nf3 Rad8
21. Be5 Qb7 22. Rxd5 Nxd5 23. Rd1 Rc8 24. Bxg7 Kxg7 25. Ne5 Nf4 26. f3 Qc7 27.
Qb5 Nd5 28. Ng4 h5 29. Nf2 Qf4 30. Qe2 Qc7 31. Rd4 Ne7 32. Qd2 Nf5 33. Rd7 Qc4
34. Rxa7 Ng3 35. Qd3 Qf4 36. Rd7 Rc5 37. Qd4+ Qxd4 38. cxd4 Rc1+ 39. Kh2 h4 40.
d5 exd5 41. Rxd5 Nf1+ 42. Kg1 Ne3+ 0-1

[Event "Aberto Brasil - II Niterói Chess Open "]
[Site "Salão de Convenções do Hot"]
[Date "2022.09.02"]
[Round "2.48"]
[White "Campos, Alexandre Ferreira"]
[Black "Rabello, Lorenzzo Urubatan B"]
[Result "1-0"]
[WhiteElo "2042"]
[BlackElo "1266"]
[PlyCount "95"]
[EventDate "2022.09.01"]
[EventRounds "9"]
[EventCountry "BRA"]

1. d4 Nf6 2. c4 e6 3. Nc3 d6 4. e4 c5 5. d5 Be7 6. Nf3 exd5 7. exd5 Bg4 8. Be2
Nbd7 9. O-O O-O 10. h3 Bh5 11. Bf4 a6 12. a4 h6 13. Qd2 Re8 14. Rfe1 Nb6 15. b3
Bf8 16. g4 Bg6 17. Bd3 Qd7 18. Bxg6 fxg6 19. Qd3 g5 20. Bg3 Rxe1+ 21. Rxe1 Re8
22. Qg6 Rxe1+ 23. Nxe1 Qf7 24. Qf5 Nfd7 25. Qe4 Qf6 26. Qe3 Qe7 27. Ne4 Nc8 28.
Nd3 Nf6 29. f3 Qd7 30. f4 Qe7 31. Ndf2 Nh7 32. Kg2 gxf4 33. Bxf4 Nf6 34. g5 Nh5
35. gxh6 Nxf4+ 36. Qxf4 gxh6 37. Ng4 Qg7 38. Nef6+ Kh8 39. Qf2 Qg6 40. Nh5 Be7
41. Nf4 Qe4+ 42. Qf3 Qc2+ 43. Kg3 Qc1 44. Nxh6 Qe1+ 45. Kg2 Qd2+ 46. Qf2 Qxf2+
47. Kxf2 Bg5 48. Nf7+ 1-0

[Event "Aberto Brasil - II Niterói Chess Open "]
[Site "Salão de Convenções do Hot"]
[Date "2022.09.02"]
[Round "2.49"]
[White "Da Matta, Eduardo Cesar"]
[Black "Silva, Ezequiel Demetras"]
[Result "1-0"]
[WhiteElo "2038"]
[BlackElo "1807"]
[PlyCount "59"]
[EventDate "2022.09.01"]
[EventRounds "9"]
[EventCountry "BRA"]

1. d4 d5 2. c4 e6 3. Nc3 Nf6 4. cxd5 exd5 5. Bg5 Be7 6. e3 c6 7. Bd3 Nbd7 8.
Qc2 h6 9. Bh4 Nh5 10. Bxe7 Qxe7 11. Nf3 Nf4 12. Bf1 Ng6 13. O-O-O Nb6 14. Bd3
O-O 15. Rdg1 c5 16. dxc5 Qxc5 17. g4 Qc6 18. h4 Nd7 19. Nd4 Qd6 20. h5 Nde5 21.
hxg6 Nxd3+ 22. Qxd3 fxg6 23. f4 Bd7 24. Nf3 Rac8 25. Ne5 Be8 26. Rd1 Qb6 27.
Qxd5+ Kh8 28. Qd4 Qa5 29. Rxh6+ gxh6 30. Nc6+ 1-0

[Event "Aberto Brasil - II Niterói Chess Open "]
[Site "Salão de Convenções do Hot"]
[Date "2022.09.02"]
[Round "2.52"]
[White "Maia, Erick De Figueiredo"]
[Black "Lopes, Artur Farias"]
[Result "0-1"]
[WhiteElo "1722"]
[BlackElo "2037"]
[PlyCount "54"]
[EventDate "2022.09.01"]
[EventRounds "9"]
[EventCountry "BRA"]

1. e4 c6 2. d3 d5 3. Nd2 Qa5 4. Ngf3 Bg4 5. Be2 e6 6. O-O Nd7 7. c3 Bd6 8. b4
Qc7 9. h3 Bxf3 10. Bxf3 Ne7 11. d4 Bf4 12. Re1 Nb6 13. e5 Nf5 14. a4 O-O 15. a5
Nd7 16. Nf1 Bxc1 17. Qxc1 b6 18. a6 c5 19. bxc5 bxc5 20. Qf4 Rab8 21. Bxd5 cxd4
22. cxd4 Rb4 23. Rec1 Qb6 24. Rc4 Nxd4 25. Qd2 Rxc4 26. Bxc4 Nxe5 27. Ne3 Nef3+
0-1

[Event "Aberto Brasil - II Niterói Chess Open "]
[Site "Salão de Convenções do Hot"]
[Date "2022.09.02"]
[Round "2.53"]
[White "Carlos, Roberta Souto"]
[Black "Da Silva, Jose Almir Martins"]
[Result "1-0"]
[WhiteElo "1686"]
[BlackElo "1912"]
[PlyCount "51"]
[EventDate "2022.09.01"]
[EventRounds "9"]
[EventCountry "BRA"]

1. e4 c5 2. c3 d6 3. d4 cxd4 4. cxd4 Nf6 5. Nc3 g6 6. Nf3 Bg7 7. Bc4 O-O 8. Bg5
Bg4 9. h3 Bxf3 10. Qxf3 Nc6 11. Rd1 Qa5 12. Be3 Rac8 13. O-O e5 14. Bb3 exd4
15. Bxd4 Nxd4 16. Rxd4 Nd7 17. Ra4 Qg5 18. Rxa7 Bd4 19. Rxb7 Ne5 20. Qe2 Rb8
21. Rxb8 Rxb8 22. Kh1 Rc8 23. Qd1 Nc6 24. f4 Qe7 25. Qg4 h5 26. Qxc8+ 1-0

[Event "Aberto Brasil - II Niterói Chess Open "]
[Site "Salão de Convenções do Hot"]
[Date "2022.09.02"]
[Round "2.55"]
[White "Petrenko, Willy"]
[Black "Silva, Juliana Figueira Th"]
[Result "1/2-1/2"]
[WhiteElo "1877"]
[BlackElo "1296"]
[PlyCount "126"]
[EventDate "2022.09.01"]
[EventRounds "9"]
[EventCountry "BRA"]

1. e4 c5 2. Nf3 d6 3. g3 Nf6 4. d3 g6 5. Bg2 Bg7 6. O-O O-O 7. h3 Nc6 8. c3 Rb8
9. Be3 b5 10. Nbd2 Bb7 11. Nh2 a5 12. f4 Qc7 13. Rc1 b4 14. d4 cxd4 15. cxd4
Qd7 16. d5 Nd8 17. Nc4 Ba6 18. Rf2 Bxc4 19. Rxc4 Nb7 20. Rfc2 Rfc8 21. b3 Rxc4
22. Rxc4 Rc8 23. Qc2 Rxc4 24. Qxc4 Ne8 25. Bb6 e5 26. Qc6 Qe7 27. Nf1 exf4 28.
gxf4 Nf6 29. e5 Nh5 30. exd6 Nxd6 31. Bc5 Bf8 32. Bxd6 Qxd6 33. Qxd6 Bxd6 34.
f5 Bc5+ 35. Kh1 gxf5 36. Nd2 Bd6 37. Nc4 Bc7 38. d6 Bd8 39. Ne5 Kf8 40. Nc6 Ke8
41. Nb8 Bb6 42. Bc6+ Kd8 43. Nd7 Be3 44. Ne5 Nf6 45. Nxf7+ Kc8 46. Ne5 Bf4 47.
Nc4 Kd8 48. Kg2 Ne8 49. Bxe8 Kxe8 50. Kf3 Bh2 51. Nxa5 Bxd6 52. Nc4 Kd7 53. Nb2
Ke6 54. Nd3 Kd5 55. Ke3 h6 56. Kf3 Kd4 57. Nxb4 Bxb4 58. Kf4 Kc3 59. Kxf5 Kb2
60. Kg4 Bd2 61. Kh5 Kxa2 62. b4 Bxb4 63. Kxh6 Bd2+ 1/2-1/2

[Event "Aberto Brasil - II Niterói Chess Open "]
[Site "Salão de Convenções do Hot"]
[Date "2022.09.02"]
[Round "2.56"]
[White "Dioscanio, Rafael Cacador"]
[Black "Souza, Ramon Santana De"]
[Result "1-0"]
[WhiteElo "1787"]
[BlackElo "1876"]
[PlyCount "25"]
[EventDate "2022.09.01"]
[EventRounds "9"]
[EventCountry "BRA"]

1. d4 g6 2. Nf3 Bg7 3. g3 d6 4. Bg2 Nd7 5. O-O e5 6. dxe5 dxe5 7. e4 Ngf6 8.
Re1 O-O 9. b3 Re8 10. Nbd2 Nc5 11. Ba3 Qe7 12. Nc4 Rd8 13. Bxc5 1-0

[Event "Aberto Brasil - II Niterói Chess Open "]
[Site "Salão de Convenções do Hot"]
[Date "2022.09.02"]
[Round "2.57"]
[White "Pavao, Tiago Lara Biasi"]
[Black "Macieira, Flavio Helmold"]
[Result "0-1"]
[WhiteElo "1761"]
[BlackElo "1824"]
[PlyCount "28"]
[EventDate "2022.09.01"]
[EventRounds "9"]
[EventCountry "BRA"]

1. f3 e5 2. e4 Bc5 3. Ne2 Nf6 4. d4 exd4 5. Nxd4 d6 6. Bg5 h6 7. Bxf6 Qxf6 8.
Nb5 Bb6 9. Bd3 O-O 10. N1c3 Be6 11. Nd5 Bxd5 12. exd5 Re8+ 13. Kd2 a6 14. Nc3
Qf4# 0-1

[Event "Aberto Brasil - II Niterói Chess Open "]
[Site "Salão de Convenções do Hot"]
[Date "2022.09.02"]
[Round "2.61"]
[White "Lisboa, Erico Fagundes Anic"]
[Black "Dias, Simao Poscidonio"]
[Result "0-1"]
[WhiteElo "1592"]
[BlackElo "2060"]
[PlyCount "64"]
[EventDate "2022.09.01"]
[EventRounds "9"]
[EventCountry "BRA"]

1. d4 d5 2. c4 e6 3. Nc3 Be7 4. Nf3 Nf6 5. Bg5 h6 6. Bh4 O-O 7. cxd5 exd5 8. e3
c6 9. Bd3 Bg4 10. O-O Ne4 11. Bxe7 Qxe7 12. a3 Re8 13. Rc1 Nd7 14. b4 a5 15. h3
Bxf3 16. Qxf3 Nd2 17. Qf5 g6 18. Qf4 Nxf1 19. Qxh6 Nd2 20. Ne2 Qf8 21. Qh4 Qe7
22. Qh6 Ne4 23. h4 Qf8 24. Qf4 Qd6 25. Qg4 Ndf6 26. Qf3 axb4 27. axb4 Ra2 28.
Ng3 Rxf2 29. Nxe4 Nxe4 30. Qg4 Rd2 31. Bxe4 Rxe4 32. Qg5 Qe7 0-1

[Event "Aberto Brasil - II Niterói Chess Open "]
[Site "Salão de Convenções do Hot"]
[Date "2022.09.02"]
[Round "2.62"]
[White "Pereira, Rodrigo Ferreira"]
[Black "Feller, Gabriela Luisa Vice"]
[Result "1/2-1/2"]
[WhiteElo "1568"]
[BlackElo "1869"]
[PlyCount "139"]
[EventDate "2022.09.01"]
[EventRounds "9"]
[EventCountry "BRA"]

1. c4 c6 2. g3 d5 3. d4 Nf6 4. Bg2 dxc4 5. Nc3 g6 6. e4 Bg7 7. Nge2 O-O 8. O-O
Na6 9. Bf4 Be6 10. Qd2 Qc8 11. Bh6 Bh3 12. Bxg7 Kxg7 13. Bxh3 Qxh3 14. Nf4 Qd7
15. Rad1 h5 16. Rfe1 h4 17. e5 Nd5 18. e6 Qd6 19. Ncxd5 cxd5 20. exf7 Nc7 21.
Re5 Rxf7 22. Rde1 Qf6 23. Ne6+ Nxe6 24. Rxe6 Qf5 25. R1e5 Qb1+ 26. Re1 Qf5 27.
R1e5 Qb1+ 28. Re1 Qf5 29. Rxe7 hxg3 30. Rxf7+ Qxf7 31. hxg3 Rf8 32. Re5 Qf3 33.
Qe3 Qxe3 34. fxe3 Rf5 35. Re7+ Rf7 36. Re5 Rd7 37. g4 Kf7 38. g5 b5 39. Kf2 b4
40. Ke2 a5 41. Kd2 a4 42. a3 c3+ 43. Kc2 cxb2 44. Kxb2 b3 45. e4 dxe4 46. Rxe4
Rd5 47. Rf4+ Ke7 48. Rg4 Ke6 49. Kc3 Kf5 50. Rg1 Kf4 51. Rf1+ Kxg5 52. Kc4 Rf5
53. Rg1+ Kf6 54. Kb4 Rd5 55. Kxa4 b2 56. Kb3 Rxd4 57. Kxb2 g5 58. Rf1+ Ke5 59.
Rf8 g4 60. Kc3 Ra4 61. Kb3 Rf4 62. Rg8 Rf3+ 63. Kb4 g3 64. a4 Kf4 65. a5 Rf2
66. a6 Ra2 67. Kb5 g2 68. a7 Kf3 69. Rf8+ Ke4 70. Rg8 1/2-1/2

[Event "Aberto Brasil - II Niterói Chess Open "]
[Site "Salão de Convenções do Hot"]
[Date "2022.09.02"]
[Round "2.63"]
[White "Chaves, Jorge Antonio Torre"]
[Black "Santiago, Mauro"]
[Result "1-0"]
[WhiteElo "1865"]
[BlackElo "1556"]
[PlyCount "119"]
[EventDate "2022.09.01"]
[EventRounds "9"]
[EventCountry "BRA"]

1. b4 d5 2. Bb2 e6 3. b5 Nf6 4. e3 c6 5. a4 Bd7 6. c4 cxb5 7. cxb5 a5 8. Nf3
Bb4 9. Be2 O-O 10. O-O Ne8 11. d3 f6 12. Qb3 Nd6 13. Nbd2 Qe7 14. Rac1 Nxb5 15.
axb5 Bxb5 16. Bc3 Nc6 17. Nd4 Nxd4 18. exd4 Bxc3 19. Rxc3 Be8 20. Rfc1 a4 21.
Qa3 Qxa3 22. Rxa3 b5 23. Rb1 Rc8 24. Bd1 Rf7 25. Kf1 Rfc7 26. Ke2 Rc3 27. Rba1
Bg6 28. Nb1 Bxd3+ 29. Kd2 Rxa3 30. Nxa3 Bc4 31. Nc2 Bb3 32. Ne3 Bxd1 33. Kxd1
Kf7 34. Kd2 Ke7 35. f4 g6 36. Ra3 Kd6 37. Ng4 h5 38. Ne3 Kc6 39. Rc3+ Kb7 40.
Rxc8 Kxc8 41. Kc3 Kb7 42. Kb4 Kb6 43. Nd1 Kc6 44. Nc3 e5 45. dxe5 fxe5 46. fxe5
d4 47. Nxb5 Kd5 48. Nxd4 Kxe5 49. Nf3+ Kf4 50. Kxa4 g5 51. Kb3 g4 52. Nh4 Kg5
53. g3 Kf6 54. Kc3 Ke5 55. Kd3 Kf6 56. Ke4 Ke6 57. Ng2 Kf6 58. Kf4 Kg6 59. Ke5
Kg5 60. Nh4 1-0

[Event "Aberto Brasil - II Niterói Chess Open "]
[Site "Salão de Convenções do Hot"]
[Date "2022.09.02"]
[Round "2.64"]
[White "Olivo, Anibal Ribeiro"]
[Black "Bastos, Gabriel Andrade"]
[Result "0-1"]
[WhiteElo "1554"]
[BlackElo "1857"]
[PlyCount "94"]
[EventDate "2022.09.01"]
[EventRounds "9"]
[EventCountry "BRA"]

1. e4 c5 2. Nf3 g6 3. d4 cxd4 4. Nxd4 Bg7 5. Nc3 Nc6 6. Be3 Nf6 7. Bc4 O-O 8.
Bb3 Re8 9. f3 e6 10. Qd2 d5 11. exd5 Nxd5 12. Nxd5 Nxd4 13. Nc3 e5 14. O-O Bf5
15. Ne4 Qc7 16. c3 Nxb3 17. axb3 Rad8 18. Qf2 b6 19. Rfd1 Rxd1+ 20. Rxd1 Rd8
21. Rxd8+ Qxd8 22. Qd2 Qxd2 23. Nxd2 Be6 24. b4 f5 25. h4 Kf7 26. g3 Bd5 27.
Kg2 Ke6 28. Kf1 Bf8 29. Ke2 e4 30. fxe4 Bxe4 31. Nxe4 fxe4 32. Bf4 b5 33. Ke3
Kd5 34. b3 Bg7 35. Kd2 Bf6 36. Be3 a6 37. Bf2 h5 38. Be1 Be5 39. Ke3 Bc7 40.
Ke2 Ke5 41. Kf2 Bb6+ 42. Kg2 a5 43. bxa5 Bxa5 44. c4 Bxe1 45. cxb5 Ba5 46. Kf2
Bb6+ 47. Ke2 Kf5 0-1

[Event "Aberto Brasil - II Niterói Chess Open "]
[Site "Salão de Convenções do Hot"]
[Date "2022.09.02"]
[Round "2.65"]
[White "Brito, Vicente De Paulo Al"]
[Black "Araujo, Barbara Ribeiro"]
[Result "1-0"]
[WhiteElo "1806"]
[BlackElo "1523"]
[PlyCount "51"]
[EventDate "2022.09.01"]
[EventRounds "9"]
[EventCountry "BRA"]

1. e4 c5 2. d4 cxd4 3. c3 dxc3 4. Nxc3 Nc6 5. Nf3 g6 6. Bc4 e6 7. O-O a6 8. Qe2
Bg7 9. Bf4 Nge7 10. a4 O-O 11. Rfd1 Qa5 12. Rac1 Ne5 13. b4 Qc7 14. Bb3 Qb8 15.
Kh1 N7c6 16. Nd5 b5 17. Rxc6 exd5 18. Rcc1 dxe4 19. Qxe4 d6 20. Bxe5 dxe5 21.
axb5 axb5 22. Ng5 Bb7 23. Qh4 h6 24. Nxf7 Kh7 25. Nxh6 Rf4 26. Ng4+ 1-0

[Event "Aberto Brasil - II Niterói Chess Open "]
[Site "Salão de Convenções do Hot"]
[Date "2022.09.02"]
[Round "2.66"]
[White "De Almeida, Olivan Duarte"]
[Black "Cardoso, Marcio De Lucca"]
[Result "0-1"]
[WhiteElo "1518"]
[BlackElo "1802"]
[PlyCount "78"]
[EventDate "2022.09.01"]
[EventRounds "9"]
[EventCountry "BRA"]

1. e4 c5 2. Nc3 Nc6 3. g3 g6 4. Bg2 Bg7 5. Nge2 d6 6. O-O Nf6 7. d3 O-O 8. Be3
Ng4 9. Bg5 h6 10. Bd2 f5 11. h3 Nge5 12. Rb1 fxe4 13. dxe4 Be6 14. f4 Nc4 15.
Bc1 Nd4 16. b3 Na5 17. Nd5 Nac6 18. c3 Nxe2+ 19. Qxe2 Kh8 20. Bb2 Qd7 21. g4
Bg8 22. Ne3 e6 23. f5 exf5 24. gxf5 g5 25. Ng4 Qe7 26. f6 Bxf6 27. Nxh6 Qh7 28.
Nf5 Be5 29. Qg4 Be6 30. Bc1 Bxc3 31. Bxg5 Bd4+ 32. Kh1 Ne5 33. Qh4 Qxh4 34.
Bxh4 Bxf5 35. exf5 Rf7 36. Bd5 Rc7 37. Bf6+ Kh7 38. Rf4 Nf7 39. Bxf7 Bxf6 0-1

[Event "Aberto Brasil - II Niterói Chess Open "]
[Site "Salão de Convenções do Hot"]
[Date "2022.09.02"]
[Round "2.67"]
[White "Moyses Sobrinho, Elias"]
[Black "Do Amaral Vailant, Helena Kether"]
[Result "1-0"]
[WhiteElo "1793"]
[BlackElo "1513"]
[PlyCount "131"]
[EventDate "2022.09.01"]
[EventRounds "9"]
[EventCountry "BRA"]

1. d4 f5 2. g3 Nf6 3. Bg2 g6 4. c4 Bg7 5. b4 d6 6. Nc3 O-O 7. e3 e5 8. Nge2 c6
9. O-O e4 10. Bb2 Nbd7 11. a4 Nb6 12. c5 Nc4 13. Qc2 d5 14. b5 h6 15. Nb1 g5
16. Nd2 Nxd2 17. Qxd2 Kh7 18. Bc3 Nh5 19. f4 exf3 20. Bxf3 Nf6 21. Qd3 Ne4 22.
Bxe4 fxe4 23. Qc2 Bh3 24. Rxf8 Qxf8 25. Re1 Qf3 26. Nc1 Rf8 27. Qe2 g4 28. Qxf3
gxf3 29. Kf2 h5 30. Nb3 a6 31. Na5 axb5 32. axb5 Ra8 33. Ra1 cxb5 34. Nxb7 Rxa1
35. Bxa1 b4 36. Na5 Bd7 37. c6 Bc8 38. c7 Bf8 39. Nc6 b3 40. Bb2 Bb7 41. Na7 h4
42. c8=Q hxg3+ 43. hxg3 Bxc8 44. Nxc8 Kg6 45. Nb6 Kf7 46. Nxd5 Ke6 47. Nc3 Kf5
48. Nb1 Bb4 49. Bc3 Bxc3 50. Nxc3 b2 51. d5 Ke5 52. g4 Kd6 53. Nxe4+ Kxd5 54.
Nd2 Ke6 55. Kxf3 Kf6 56. Kf4 Kg6 57. g5 Kf7 58. Kf5 Kg7 59. g6 Kg8 60. Kf6 Kh8
61. g7+ Kg8 62. Nb1 Kh7 63. Kf7 Kh6 64. g8=Q Kh5 65. Qg3 Kh6 66. Qg6# 1-0

[Event "Aberto Brasil - II Niterói Chess Open "]
[Site "Salão de Convenções do Hot"]
[Date "2022.09.02"]
[Round "2.68"]
[White "Carneiro, Luis Guilherme Rosa"]
[Black "Catalan Gonzalez, Arturo"]
[Result "1-0"]
[WhiteElo "1789"]
[BlackElo "1442"]
[PlyCount "123"]
[EventDate "2022.09.01"]
[EventRounds "9"]
[EventCountry "BRA"]

1. e4 c5 2. Nf3 g6 3. d4 cxd4 4. Nxd4 Nc6 5. Nc3 Nf6 6. Be2 Bg7 7. Nb3 O-O 8.
O-O d6 9. Re1 Be6 10. Bf1 Rc8 11. Bg5 a6 12. h3 b5 13. a3 Ne5 14. Nd4 Qb6 15.
Nxe6 fxe6 16. Be3 Qc6 17. f4 Nc4 18. Bxc4 Qxc4 19. e5 dxe5 20. fxe5 Nd5 21. Bd4
Rf4 22. Ne2 Re4 23. c3 Bxe5 24. Bxe5 Rxe5 25. Nd4 Rxe1+ 26. Qxe1 Nc7 27. Qe5
Rf8 28. Re1 Rf6 29. g4 Kf7 30. g5 Rf5 31. Nxf5 gxf5 32. Rd1 Nd5 33. Rd4 Qa2 34.
Qe2 Qb1+ 35. Kh2 Qc1 36. Qh5+ Kf8 37. Qh6+ Ke8 38. Qxe6 Qxb2+ 39. Kg1 Qc1+ 40.
Kf2 Qb2+ 41. Qe2 Qxe2+ 42. Kxe2 Nxc3+ 43. Kd3 Ne4 44. h4 Nd6 45. a4 Kf7 46.
axb5 axb5 47. Ke3 Kg6 48. Kf4 Kh5 49. Ke5 h6 50. gxh6 Kxh6 51. Ke6 Ne4 52. Kxf5
Ng3+ 53. Kg4 Nh5 54. Rb4 Nf6+ 55. Kh3 Nh5 56. Rxb5 Nf6 57. Re5 Ng8 58. Re6+ Kh5
59. Kg3 Nh6 60. Re5+ Kg6 61. Rg5+ Kf6 62. Kf4 1-0

[Event "Aberto Brasil - II Niterói Chess Open "]
[Site "Salão de Convenções do Hot"]
[Date "2022.09.02"]
[Round "2.69"]
[White "Marocco, Gabriel Leao Quadro"]
[Black "Marcondes, Igor Dalcol"]
[Result "1/2-1/2"]
[WhiteElo "1482"]
[BlackElo "1783"]
[PlyCount "163"]
[EventDate "2022.09.01"]
[EventRounds "9"]
[EventCountry "BRA"]

1. e4 c6 2. d4 d5 3. Nc3 dxe4 4. Nxe4 Bf5 5. Ng3 Bg6 6. Nf3 Nd7 7. h4 h6 8. h5
Bh7 9. Bd3 Bxd3 10. Qxd3 e6 11. Bd2 Ngf6 12. O-O-O Bd6 13. Ne4 Nxe4 14. Qxe4
Nf6 15. Qe2 Qc7 16. Kb1 O-O-O 17. Be1 Rd7 18. Nd2 Rhd8 19. Nb3 Kb8 20. Qc4 Be7
21. f3 Qd6 22. Bf2 Qd5 23. Qxd5 Rxd5 24. g4 c5 25. Kc1 cxd4 26. Rxd4 Bd6 27.
Rhd1 Be5 28. Rxd5 Nxd5 29. c4 Bf4+ 30. Nd2 Nb4 31. Bh4 Nxa2+ 32. Kb1 Rxd2 33.
Rxd2 Bxd2 34. Kxa2 Bf4 35. Kb3 Kc7 36. Kc2 a5 37. b3 Kc6 38. Be1 b6 39. Bf2 Bd6
40. Kd3 Bc5 41. Bg3 Be7 42. Bf2 Bc5 43. Bg3 Kd7 44. Be5 f6 45. Bc3 Bd6 46. Ke4
Kc6 47. Bd4 b5 48. cxb5+ Kxb5 49. Bc3 Bb4 50. Bb2 Kc5 51. Bd4+ Kd6 52. Be3 Kc6
53. Bd4 Kb5 54. Bb2 a4 55. bxa4+ Kxa4 56. Bd4 Kb5 57. Be3 Kc6 58. Bf4 Kd7 59.
Bc1 Ke7 60. Be3 Kf7 61. Bc1 Bf8 62. Bd2 g6 63. Bc1 gxh5 64. gxh5 f5+ 65. Ke5
Bg7+ 66. Kf4 Ke7 67. Ba3+ Kd7 68. Bb4 Kc6 69. Ba5 Kd5 70. Bc7 Bf6 71. Bb8 Bg5+
72. Kg3 e5 73. Ba7 Kc4 74. Bb8 Bf4+ 75. Kf2 Kd3 76. Bd6 Kd4 77. Bc7 Bg5 78.
Bb6+ Kd5 79. Bc7 Ke6 80. Ba5 Be7 81. Bd2 Bf8 82. Be3 1/2-1/2

[Event "Aberto Brasil - II Niterói Chess Open "]
[Site "Salão de Convenções do Hot"]
[Date "2022.09.02"]
[Round "2.71"]
[White "Garcia, Erich Douglas Ribei"]
[Black "Boabaid, Jorge Alberto Duard"]
[Result "0-1"]
[WhiteElo "1427"]
[BlackElo "1780"]
[PlyCount "56"]
[EventDate "2022.09.01"]
[EventRounds "9"]
[EventCountry "BRA"]

1. d4 Nf6 2. c4 d5 3. g3 e6 4. Bg2 c6 5. cxd5 exd5 6. Nc3 Bb4 7. e3 O-O 8. Nge2
Bg4 9. Qc2 Na6 10. a3 Bd6 11. O-O Qd7 12. Nf4 g5 13. Nd3 Rae8 14. Re1 Bf5 15.
f3 g4 16. Qd2 gxf3 17. Bxf3 Ne4 18. Qe2 Re6 19. Bg4 Rg6 20. Bxf5 Qxf5 21. Nxe4
Qxe4 22. Nf2 Qh4 23. Nh1 Re8 24. Qg2 Qh5 25. e4 dxe4 26. Be3 f5 27. Rf1 Nc7 28.
Bf4 Nd5 0-1

[Event "Aberto Brasil - II Niterói Chess Open "]
[Site "Salão de Convenções do Hot"]
[Date "2022.09.02"]
[Round "2.72"]
[White "De Almeida, Roberto A. Ferreira"]
[Black "Salotti, Thiago Maida"]
[Result "1-0"]
[WhiteElo "1776"]
[BlackElo "1390"]
[PlyCount "99"]
[EventDate "2022.09.01"]
[EventRounds "9"]
[EventCountry "BRA"]

1. e4 Nf6 2. e5 Ne4 3. d3 Nc5 4. Be3 b6 5. Qf3 Bb7 6. Qg3 g6 7. Be2 Nc6 8. a3
Bg7 9. f4 d6 10. Nf3 O-O 11. Nbd2 dxe5 12. fxe5 Qd5 13. d4 Ne4 14. Nxe4 Qxe4
15. Kf2 f6 16. Bd3 Qd5 17. b3 fxe5 18. Bc4 Qxc4 19. bxc4 e4 20. Qxc7 Na5 21.
Qxe7 Rac8 22. c5 Rf7 23. Qe6 bxc5 24. Rab1 cxd4 25. Rxb7 dxe3+ 26. Kxe3 Rc3+
27. Kxe4 Nxb7 28. Qe8+ Bf8 29. Kd5 Rxc2 30. Re1 Rc5+ 31. Kd4 Rcc7 32. Ne5 Rfe7
33. Qa4 Bg7 34. Qxa7 Rcd7+ 35. Kc3 Rc7+ 36. Kb4 Bf8 37. Rf1 Nd8 38. Qd4 Re8+
39. Kb3 Ne6 40. Qd5 Rc5 41. Rxf8+ Rxf8 42. Qxe6+ Kh8 43. Nd7 Rb5+ 44. Kc4 Rff5
45. g4 Ra5 46. gxf5 Rxf5 47. Qe7 Rf4+ 48. Kd3 Rf3+ 49. Ke2 Rf5 50. Nf6 1-0

[Event "Aberto Brasil - II Niterói Chess Open "]
[Site "Salão de Convenções do Hot"]
[Date "2022.09.02"]
[Round "2.73"]
[White "Fernandes, Marcio Rosa"]
[Black "Barberi, Catarina"]
[Result "0-1"]
[WhiteElo "1763"]
[BlackElo "1304"]
[PlyCount "82"]
[EventDate "2022.09.01"]
[EventRounds "9"]
[EventCountry "BRA"]

1. c4 Nf6 2. Nc3 d5 3. cxd5 Nxd5 4. e4 Nxc3 5. bxc3 g6 6. d4 Bg7 7. Nf3 c5 8.
Bb5+ Bd7 9. Qa4 O-O 10. Bxd7 Nxd7 11. O-O Qc7 12. Ba3 Rfe8 13. Rac1 Bh6 14. Rc2
a6 15. Re2 b5 16. Qd1 cxd4 17. cxd4 Bg7 18. e5 e6 19. Bd6 Qb7 20. Nd2 Nb6 21.
Ne4 Red8 22. Rc2 Qxe4 23. Rc7 Rdc8 24. Re1 Qd5 25. Rc5 Rxc5 26. dxc5 Qxd1 27.
Rxd1 Nd5 28. Rc1 Rc8 29. c6 Nc7 30. f4 Bf8 31. Kf1 Ne8 32. c7 Bxd6 33. exd6
Nxd6 34. Rc6 Ne8 35. Rxa6 Rxc7 36. Ra8 Kf8 37. Rb8 Ra7 38. Rxb5 Rxa2 39. h4 Ke7
40. h5 Rd2 41. g4 Rd4 0-1

[Event "Aberto Brasil - II Niterói Chess Open "]
[Site "Salão de Convenções do Hot"]
[Date "2022.09.02"]
[Round "2.74"]
[White "Lima, Ivan Varga"]
[Black "Fernandes, Gabriel Bourdon"]
[Result "0-1"]
[WhiteElo "1744"]
[BlackElo "1201"]
[PlyCount "56"]
[EventDate "2022.09.01"]
[EventRounds "9"]
[EventCountry "BRA"]

1. d4 Nf6 2. c4 g6 3. Nc3 Bg7 4. Nf3 O-O 5. g3 d6 6. Bg2 Nbd7 7. O-O e5 8. b3
a6 9. Bb2 Re8 10. Qc2 h6 11. e3 Nh7 12. Rad1 Rb8 13. Rfe1 exd4 14. exd4 Ndf6
15. Rxe8+ Nxe8 16. Nh4 Nf8 17. Nd5 Nf6 18. Re1 Be6 19. Ne3 Qd7 20. a4 a5 21. d5
Bh3 22. Bh1 Re8 23. Nhg2 Ng4 24. Bxg7 Nxe3 25. Rxe3 Bxg2 26. Bxh6 Bxh1 27. Qc3
Re5 28. Rxe5 Qh3 0-1